000 00257nam a2200109Ia 4500
008 200302s9999 xx 000 0 und d
100 _aAuthor
245 _a2009 Architecture Annual
260 _bArchiworld Publication, Korea
260 _c2009
300 _a407
999 _c4500
_d4500